Nintendo Switch Sports Sports - Statistics

General Stats
  • This quiz has been taken 77 times
    41 since last reset
  • The average score is 7 of 8
Answer Stats
Hint Sport % Correct
Try to knock down as many pins as you can by rolling a ball Bowling
100%
Shoot some hoops in a 2v2 game Basketball
97%
Swing a ball into the hole. FORE! Golf
97%
Two teams of two make a “racquet” by smacking a ball around the court Tennis
97%
Serve, set and spike the ball… just don’t let your opponents do that to you Volleyball
97%
The same as the first sport, but with a birdie instead of a ball Badminton
94%
Two teams compete with each other to kick the ball into the net Soccer
94%
Whack your opponent out of the ring with your sword Chambara
73%
No matching quizzes found
Score Distribution
Percent of People with Each Score
Percentile by Number Answered
Your Score History
You have not taken this quiz since the last reset